Multiple Choice City Quiz - Shanghai - Statistics

General Stats
  • This quiz has been taken 201 times
  • The average score is 5 of 10
Answer Stats
Question Answer % Correct
Which of the following theme parks is located in Shanghai? Shanghai Disneyland
68%
What record does Shanghai's subway system claim? All of the above
63%
Which of the following images depicts Shanghai?
55%
Which of the following wars included a major battle fought in Shanghai? Second Sino-Japanese War
54%
What was Shanghai originally founded as? Small fishing village
51%
What does the name Shanghai mean? On the Sea
48%
What language is spoken in Shanghai that is unique to the city? Shanghainese
44%
Which of the following architectural styles is Shanghai known for? Art Deco
43%
What is the official flower of Shanghai? White Magnolia
34%
Which of the following organizations was founded in Shanghai? Communist Party of China
31%
No matching quizzes found
Score Distribution
Percent of People with Each Score
Percentile by Number Answered
Your Score History
You have not taken this quiz